|
|
|
|
| LEADER |
00000nab a2200000 4500 |
| 001 |
vtls012081395 |
| 003 |
SK-MaSNL |
| 005 |
20260303100031.0 |
| 008 |
211220|2021 xo |||| ||an ||00 0|slo |
| 015 |
|
|
|a SNBRB2021/12
|
| 040 |
|
|
|a SPKCL
|b slo
|e rda
|
| 041 |
|
|
|a slo
|b slo
|
| 044 |
|
|
|a xo
|c SK
|
| 072 |
|
7 |
|a 316.4/.7
|x Sociálne interakcie
|2 konspekt
|
| 080 |
|
|
|a 316.346.32-053.3
|2 2011
|
| 100 |
1 |
|
|a (red)
|4 aut
|9 848321
|
| 245 |
1 |
0 |
|a Mojkanie bábätka mení jeho DNA k lepšiemu
|c (red)
|
| 300 |
|
|
|b Fotografie
|
| 336 |
|
|
|a text
|b txt
|2 rdacontent
|
| 337 |
|
|
|a bez média
|b n
|2 rdamedia
|
| 338 |
|
|
|a zväzok
|b nc
|2 rdacarrier
|
| 504 |
|
|
|a Obsahuje bibliografiu
|
| 546 |
|
|
|a Slovenské resumé
|
| 650 |
0 |
7 |
|a dojčatá
|2 SNKPH
|9 31365
|
| 650 |
0 |
7 |
|a psychický vývin
|2 SNKPH
|9 71492
|
| 650 |
0 |
7 |
|a rodičia a deti
|2 SNKPH
|9 63347
|
| 773 |
0 |
|
|t Dieťa
|g Roč. XXVII-XXVIII, č. 12-1 (2021/2022), s. 8
|x 1335-0919
|
| 856 |
4 |
1 |
|a www.dieta.sk
|
| 958 |
|
|
|a NB
|
| 999 |
|
|
|c 1827794
|d 1829724
|